| 000 | 00804cam a2200241 4500 | ||
|---|---|---|---|
| 001 | J100125 | ||
| 008 | 000000n1993 000 0 eng u | ||
| 035 | _a(Sirsi) u100125 | ||
| 041 | _aENG | ||
| 050 | _a692.3 | ||
| 110 |
_aIrish Auctioneers and Valuers Institute _92791 |
||
| 245 | _aMeasuring practice guidance notes: a guide for surveyors and valuers | ||
| 260 |
_aDublin _bIrish Auctioneers and Valuers Institute _c1993 |
||
| 300 | _a12p. ; 21cm. | ||
| 350 | _a5.00 | ||
| 650 |
_aMeasurement _96256 |
||
| 650 | _aSURVEYING | ||
| 690 | _aPROPERTY-PROPERTY APPRAISAL AND VALUATION | ||
| 710 | _aIncorporated Society of Valuers and Auctioneers Republic of Ireland Branch | ||
| 710 |
_aSociety of Chartered Surveyors in the Republic of Ireland _91971 |
||
| 942 | _n0 | ||
| 948 | _c04/03/1997 | ||
| 999 |
_c99608 _d99608 |
||